000 00605nam a2200205 i 4500
001 20828
003 ES-MaACL
005 20230906152354.0
007 t|
008 021119s1969 sp ||||1| spa d
100 1 _aAdnes, Pierre.
_918457
245 1 3 _aEl matrimonio /
_cPierre Adnès ; [versión de Daniel Ruiz Bueno].
260 _aBarcelona :
_bHerder,
_c1969.
300 _a269 p. ;
_c22 cm.
490 1 _aEl misterio cristiano ;
_v4
700 1 _aRuiz Bueno, Daniel.
_9100677
830 0 _aEl misterio cristiano ;
_v4
_9181121
852 _aES-MaACL
_jC-36752
_bR.71101
999 _c20828
_d20828